000 00634nam a2200181Ia 4500
008 090124s9999 xx 000 0 und d
082 _b32920
100 _aमधुसूदन सुधा
245 _a असा हा गौरीहर पुजिला
250 _a1
260 _b"आमोद प्रकाशन, मुंबई"
_c1995
300 _a113
600 _aमधुसूदन सुधा
630 _a असा हा गौरीहर पुजिला
700 _aमधुसूदन सुधा
730 _a असा हा गौरीहर पुजिला
942 _cBOOK
999 _c98861
_d98861